| 000 | 01074 a2200265 4500 | ||
|---|---|---|---|
| 008 | 080723t xxu||||| |||| 00| 0 eng d | ||
| 010 | _aENG-84985 | ||
| 020 |
_a8179860647 _c500.00 |
||
| 035 | _aEN-68518 | ||
| 037 | _bD.B.Act / Pub | ||
| 082 | _a200.1 | ||
| 100 |
_aChattopadhyaya, D. P. _92 |
||
| 245 |
_aReligion, philosophy, and science _ba sketch of a global view _cD.P. Chattopadhyaya. |
||
| 260 |
_aShimla _bIndian Institute of Advanced Studies _c2006. |
||
| 270 |
_aIndian Institute of Advanced study, Rashtrapati Nivas, _bShimla _cH.P. _e171005 |
||
| 300 |
_a253 p. ; _c25 cm. (Hb) |
||
| 500 | _aIncludes bibliographical references and index | ||
| 650 | _aPhilosophy and religion. | ||
| 650 | _aReligion and culture. | ||
| 650 |
_aReligions _xRelations. |
||
| 651 |
_aIndia _xReligion. |
||
| 710 |
_aIndian Institute of Advanced Study. _97 |
||
| 942 |
_adpl _cEN _k200.1 / CHA _2ddc _h200.1 _mCHA |
||
| 999 |
_c835 _d835 |
||